00739nam a2200217Ia 4500008004100000050001300041050001500054100003600069245016200105245003500267260003100302260001000333260001000343300001600353300002000369300001100389500005600400650001600456650003000472999001900502150520s9999 xx 000 0 und d aHD 57.7  b.V453 2015 aVelasquez, Kristel Roelandz O.  aLeadership styles of selected student leaders of the high school department of southville international school and colleges (SISC) academic year 2014-2015 /  cKristel Roelandz O. Velasquez. aLas Piñas, Philippines : bSISC, c2015. a49 pages :  billustrations ; c28 cm. aIncludes bibliographical references and appendices. aLeadership  aOrganizational Commitment c284044d284044